000 00771nam a2200217 4500
003 OSt
005 20260530113856.0
008 260505b |||||||| |||| 00| 0 eng d
040 _aICI
_bspa
_cICI
050 _aP99
_bO5418
245 1 0 _a1000 icons, symbols and pictograms
_bun lenguaje internacional : 1,000 obras /
_cseleccionadas por Blackcoffee
300 _a320 páginas
_bilustraciones (principalmente a color)
336 _atexto
_2rdacontent
337 _asin medio
_2rdamedia
338 _avolumen
_2rdacarrier
500 _aTraducción de: 1000 icons, symbols + pictograms
650 _aComunicación visual
_vObras ilustradas
_931708
650 _aSímbolos
_vObras ilustradas
_931709
710 2 _aBlackcoffee (Firma comercial)
_931710
942 _2lcc
_cBK
_n1
999 _c11613
_d11613